Car Logos - Statistics

General Stats
  • This quiz has been taken 139 times
  • The average score is 32 of 41
Answer Stats
Picture Answer % Correct
Ford
97%
Toyota
96%
Honda
95%
Audi
93%
BMW
92%
Chevy
92%
Tesla
92%
Jaguar
91%
Volkswagen
91%
Kia
89%
Nissan
89%
Ferrari
88%
Hyundai
87%
Lexus
87%
Mercedes-Benz
86%
Lamborghini
85%
Dodge
83%
Fiat
83%
Mazda
83%
Subaru
82%
Maserati
80%
Alfa Romeo
78%
Ford Mustang
76%
Mini
76%
Aston Martin
74%
Mitsubishi
74%
Ram
74%
Infiniti
72%
Land Rover/Range Rover
71%
McLaren
71%
Cadillac
70%
Acura
68%
Bugatti
67%
Formula 1
65%
Chrysler
63%
Buick
61%
Lincoln
61%
Pontiac
58%
Koenigsegg
56%
Polestar
49%
Rivian
21%
No matching quizzes found
Score Distribution
Percent of People with Each Score
Percentile by Number Answered
Your Score History
You have not taken this quiz